000 00320nam a2200109Ia 4500
008 171211s9999 xx 000 0 und d
245 4 _aThe Oxford Handbook of Sound Studies
245 _cKarin Bijsterveld and Trevor Pinch
260 _c2011
650 _xmusic
856 _uhttp://down.ebook777.com/062/9780195388947.pdf
999 _c348646
_d348646